Les coalitions contre la France 1792-1815 (pays actuels) - Statistiques

Statistiques générales
  • Ce quiz a été pris 29 fois
  • Le résultat moyen est 147 sur 185
Statistiques - réponses
Hint Réponse % Correct
1ère coalition Coalisés Espagne
100%
2e coalition France et ses alliés Espagne
100%
3e coalition France et ses alliés Espagne
100%
4e coalition France et ses alliés Espagne
100%
6e coalition Coalisés Espagne
100%
6e coalition France et ses alliés Espagne
100%
7e coalition Coalisés Espagne
100%
1ère coalition Coalisés Royaume-Uni
100%
2e coalition Coalisés Royaume-Uni
100%
3e coalition Coalisés Royaume-Uni
100%
4e coalition Coalisés Royaume-Uni
100%
5e coalition Coalisés Royaume-Uni
100%
7e coalition Coalisés Royaume-Uni
100%
1ère coalition Coalisés Autriche
97%
2e coalition Coalisés Autriche
97%
3e coalition Coalisés Autriche
97%
5e coalition Coalisés Autriche
97%
6e coalition Coalisés Autriche
97%
7e coalition Coalisés Autriche
97%
1ère coalition Coalisés Russie
97%
2e coalition Coalisés Russie
97%
3e coalition Coalisés Russie
97%
4e coalition Coalisés Russie
97%
6e coalition Coalisés Russie
97%
7e coalition Coalisés Russie
97%
2e coalition Coalisés Suède
97%
3e coalition Coalisés Suède
97%
4e coalition Coalisés Suède
97%
6e coalition Coalisés Suède
97%
7e coalition Coalisés Suède
97%
1ère coalition Coalisés Portugal
93%
2e coalition Coalisés Portugal
93%
6e coalition Coalisés Portugal
93%
7e coalition Coalisés Portugal
93%
2e coalition France et ses alliés Danemark
90%
6e coalition Coalisés Danemark
90%
7e coalition Coalisés Danemark
90%
2e coalition France et ses alliés Norvège
90%
6e coalition Coalisés Norvège
90%
7e coalition Coalisés Norvège
90%
2e coalition France et ses alliés Pays-Bas
90%
3e coalition France et ses alliés Pays-Bas
90%
4e coalition France et ses alliés Pays-Bas
90%
5e coalition France et ses alliés Pays-Bas
90%
6e coalition Coalisés Pays-Bas
90%
7e coalition Coalisés Pays-Bas
90%
2e coalition France et ses alliés Belgique
86%
3e coalition France et ses alliés Belgique
86%
4e coalition France et ses alliés Belgique
86%
5e coalition France et ses alliés Belgique
86%
7e coalition Coalisés Belgique
86%
1ère coalition Coalisés Italie
86%
2e coalition Coalisés Italie
86%
2e coalition France et ses alliés Italie
86%
3e coalition France et ses alliés Italie
86%
4e coalition Coalisés Italie
86%
4e coalition France et ses alliés Italie
86%
5e coalition Coalisés Italie
86%
5e coalition France et ses alliés Italie
86%
6e coalition Coalisés Italie
86%
6e coalition France et ses alliés Italie
86%
7e coalition Coalisés Italie
86%
1ère coalition Coalisés Pologne
86%
3e coalition Coalisés Pologne
86%
4e coalition Coalisés Pologne
86%
5e coalition Coalisés Pologne
86%
5e coalition France et ses alliés Pologne
86%
6e coalition Coalisés Pologne
86%
6e coalition France et ses alliés Pologne
86%
7e coalition Coalisés Pologne
86%
1ère coalition Coalisés Allemagne
83%
2e coalition Coalisés Allemagne
83%
3e coalition Coalisés Allemagne
83%
3e coalition France et ses alliés Allemagne
83%
4e coalition Coalisés Allemagne
83%
4e coalition France et ses alliés Allemagne
83%
5e coalition France et ses alliés Allemagne
83%
6e coalition Coalisés Allemagne
83%
6e coalition France et ses alliés Allemagne
83%
7e coalition Coalisés Allemagne
83%
2e coalition Coalisés Croatie
83%
3e coalition Coalisés Croatie
83%
4e coalition France et ses alliés Croatie
83%
5e coalition Coalisés Croatie
83%
5e coalition France et ses alliés Croatie
83%
6e coalition France et ses alliés Croatie
83%
7e coalition Coalisés Croatie
83%
1ère coalition Coalisés Hongrie
83%
2e coalition Coalisés Hongrie
83%
3e coalition Coalisés Hongrie
83%
5e coalition Coalisés Hongrie
83%
6e coalition Coalisés Hongrie
83%
7e coalition Coalisés Hongrie
83%
4e coalition Coalisés Luxembourg
83%
6e coalition France et ses alliés Luxembourg
83%
7e coalition Coalisés Luxembourg
83%
2e coalition France et ses alliés Suisse
83%
4e coalition France et ses alliés Suisse
83%
6e coalition France et ses alliés Suisse
83%
7e coalition Coalisés Suisse
83%
1ère coalition Coalisés Estonie
79%
3e coalition Coalisés Estonie
79%
4e coalition Coalisés Estonie
79%
6e coalition Coalisés Estonie
79%
7e coalition Coalisés Estonie
79%
2e coalition Coalisés Grèce
79%
1ère coalition Coalisés Slovaquie
79%
2e coalition Coalisés Slovaquie
79%
3e coalition Coalisés Slovaquie
79%
5e coalition Coalisés Slovaquie
79%
6e coalition Coalisés Slovaquie
79%
7e coalition Coalisés Slovaquie
79%
1ère coalition Coalisés Tchéquie
79%
2e coalition Coalisés Tchéquie
79%
3e coalition Coalisés Tchéquie
79%
5e coalition Coalisés Tchéquie
79%
6e coalition Coalisés Tchéquie
79%
7e coalition Coalisés Tchéquie
79%
2e coalition Coalisés Roumanie
76%
2e coalition Coalisés Serbie
76%
1ère coalition Coalisés Ukraine
76%
2e coalition Coalisés Ukraine
76%
3e coalition Coalisés Ukraine
76%
4e coalition Coalisés Ukraine
76%
6e coalition Coalisés Ukraine
76%
1ère coalition Coalisés Finlande
72%
3e coalition Coalisés Finlande
72%
7e coalition Coalisés Finlande
72%
1ère coalition Coalisés Lettonie
72%
3e coalition Coalisés Lettonie
72%
4e coalition Coalisés Lettonie
72%
6e coalition Coalisés Lettonie
72%
7e coalition Coalisés Lettonie
72%
1ère coalition Coalisés Lituanie
72%
3e coalition Coalisés Lituanie
72%
4e coalition Coalisés Lituanie
72%
6e coalition Coalisés Lituanie
72%
7e coalition Coalisés Lituanie
72%
1ère coalition France et ses alliés Monaco
72%
2e coalition France et ses alliés Monaco
72%
3e coalition France et ses alliés Monaco
72%
4e coalition France et ses alliés Monaco
72%
5e coalition France et ses alliés Monaco
72%
6e coalition France et ses alliés Monaco
72%
2e coalition Coalisés Monténégro
72%
2e coalition Coalisés Slovénie
72%
3e coalition Coalisés Slovénie
72%
4e coalition France et ses alliés Slovénie
72%
5e coalition Coalisés Slovénie
72%
5e coalition France et ses alliés Slovénie
72%
7e coalition Coalisés Slovénie
72%
2e coalition Coalisés Turquie
72%
2e coalition Coalisés Bulgarie
69%
2e coalition Coalisés Egypte
69%
1ère coalition Coalisés Biélorussie
66%
3e coalition Coalisés Biélorussie
66%
4e coalition Coalisés Biélorussie
66%
6e coalition Coalisés Biélorussie
66%
2e coalition Coalisés Albanie
62%
2e coalition Coalisés Bosnie-Herzégovine
62%
2e coalition Coalisés Kosovo
62%
2e coalition Coalisés Macédoine
62%
4e coalition Coalisés Moldavie
62%
6e coalition Coalisés Moldavie
62%
6e coalition France et ses alliés Moldavie
62%
7e coalition Coalisés Moldavie
62%
2e coalition Coalisés Chypre
59%
1ère coalition France et ses alliés France
52%
2e coalition Coalisés France
52%
2e coalition France et ses alliés France
52%
3e coalition France et ses alliés France
52%
4e coalition France et ses alliés France
52%
5e coalition France et ses alliés France
52%
6e coalition France et ses alliés France
52%
7e coalition France et ses alliés France
52%
2e coalition Coalisés Iran
52%
2e coalition Coalisés Liban
52%
2e coalition Coalisés Malte
52%
2e coalition Coalisés Syrie
52%
2e coalition Coalisés Arménie
48%
2e coalition Coalisés Irak
48%
2e coalition Coalisés Israël
48%
2e coalition Coalisés Libye
45%
2e coalition Coalisés Géorgie
41%
2e coalition Coalisés Jordanie
38%
Aucun quiz correspondant
Distribution des résultats
% des personnes avec chaque résultat
Percentile par nombre de réponses
Votre historique - résultats
Vous n’avez pas pris ce quiz